01499nam a22003977a 4500003000500000005001700005008004100022010001000063011001000073035001000083040000900093100003500102245011500137260004400252300002800296500005500324590004100379590004100420590004100461590004100502590004100543590004200584650003900626650004100665650003300706650002900739650003600768650002800804650004100832650003200873901000700905942001000912949003500922999001700957952012700974CHAP20220329134359.0971013s1972 r 00010 d a19663 a20635 a24723 cCHAP00aAnaya Garduño, Manuel.95501 aEffects of soil aeration water, and nitrogen fertilization on nutrition nutrition, yield, and quality of wheat aRiverside, Calif., :bThe author,c1972 a105 h.b: ilus. gráfs aThesis (Ph. D.) -- Univ. of California (Riverside) aBATCH-UPDb10c20130110lUCH01h0041 aBATCH-UPDb10c20130110lUCH01h1412 aBATCH-UPDb10c20130409lUCH01h2027 aBATCH-UPDb10c20130410lUCH01h0858 aBATCH-UPDb10c20130914lUCH01h0324 aCONVERSIONb10c20130109lUCH01h131214aFertilizantes nitrogenados.94059614aNitrógenoxEfecto en trigo.98146714aSuelosxAereación.911019514aSuelosxHumedad.911039114aSuelosxNitrógeno en.911045114aTrigoxCalidad.911498914aTrigoxEfecto de la humedad.911501114aTrigoxRendimiento.9115092 aBK cTESIS bBCcTESd-56930eTS1i24723si c19663d19663 00102local4051708TESISaBCbBCcPA_TESISd2012-12-17fTESISl0oTesisp-56930r2019-12-31 00:00:00w2019-12-31yTESIS